000 01292nam a2200349 a 4500
001 ebr5004030
003 CaPaEBR
006 m u
007 cr cn|||||||||
008 010102s2000 enka sb 001 0 eng
010 _z 99039966
015 _aGBA1-2774
016 7 _a1853026972
_2Uk
020 _z9781846421617
020 _z1853026972(cased)
020 _z1853026980(pbk.)
040 _aCaPaEBR
_cCaPaEBR
035 _a(OCoLC)49730001
050 1 4 _aRC489.A7
_bK36 2000eb
082 0 4 _a615.85156
_221
100 1 _aKaplan, Frances.
245 1 0 _aArt, science, and art therapy
_h[electronic resource] :
_brepainting the picture /
_cFrances F. Kaplan.
260 _aPhiladelphia, Pa. ;
_aLondon :
_bJessica Kingsley Publishers,
_c2000.
300 _a124 p. :
_bill.
504 _aIncludes bibliographical references and index.
533 _aElectronic reproduction.
_bPalo Alto, Calif. :
_cebrary,
_d2013.
_nAvailable via World Wide Web.
_nAccess may be limited to ebrary affiliated libraries.
650 0 _aArt and science.
650 0 _aArt therapy
_xPhilosophy.
655 7 _aElectronic books.
_2local
710 2 _aebrary, Inc.
856 4 0 _uhttp://site.ebrary.com/lib/rucke/Doc?id=5004030
_zAn electronic book accessible through the World Wide Web; click to view
999 _c711
_d711